ASSOCIATION OF SEVERE EARLY CHILDHOOD CARIES AND ANAEMIA DUE TO NUTRITIONAL DEFICIENCY BODY WEIGHT AND BEHAVIOUR PATTERNS IN PRESHOOL CHILDREN (Record no. 18573)

MARC details
000 -LEADER
fixed length control field 00425nam a22001337a 4500
003 - CONTROL NUMBER IDENTIFIER
control field SGT
082 ## - DEWEY DECIMAL CLASSIFICATION NUMBER
Classification number 617.692
Item number A12G
100 ## - MAIN ENTRY--PERSONAL NAME
Personal name GOYAL, MITU
245 ## - TITLE STATEMENT
Title ASSOCIATION OF SEVERE EARLY CHILDHOOD CARIES AND ANAEMIA DUE TO NUTRITIONAL DEFICIENCY BODY WEIGHT AND BEHAVIOUR PATTERNS IN PRESHOOL CHILDREN
260 ## - PUBLICATION, DISTRIBUTION, ETC. (IMPRINT)
Place of publication, distribution, etc DELHI NCR
Name of publisher, distributor, etc SGT UNIVERSITY GURUGRAM
Year of Publication 2012
300 ## - PAGE DESCRIPTION
No. of Pages 1-70
650 ## - SUBJECT ADDED ENTRY--TOPICAL TERM
Topical term or geographic name as entry element PEDODONTICS
942 ## - ADDED ENTRY ELEMENTS (KOHA)
Source of classification or shelving scheme Dewey Decimal Classification
Koha item type Thesis/Dissertation
942 ## - ADDED ENTRY ELEMENTS (KOHA)
-- 1
Holdings
Withdrawn status Lost status Source of classification or shelving scheme Damaged status Not for loan Home library Current library Shelving location Date acquired Vendor Name Total Checkouts Full call number Accession No. (Barcode) Date last seen Date last borrowed Bill Date Koha item type
    Dewey Decimal Classification     SGT Dental Library SGT Dental Library Reference Book 24/07/2019 PERFECT BOOK BINDING HOUSE NEW DELHI 1 617.692 A12G DT201 27/01/2024 25/01/2024 24/07/2019 Thesis/Dissertation